| 000 | 00747nam a2200265Ia 4500 | ||
|---|---|---|---|
| 008 | 160901s9999 xx 000 0 und d | ||
| 020 | _a978-0-470-06853-3 | ||
| 050 | _aComSc QA 76.9 | ||
| 050 | _b.B32G45 2007 | ||
| 100 | _aGeier, Eric. | ||
| 245 | _aSimple computer transfer and backup : | ||
| 245 | _bdon't lose your music and photos / | ||
| 245 | _cEric Geier, Kim Geier. | ||
| 260 | _aIndia : | ||
| 260 | _bWiley Pub., Inc., | ||
| 260 | _c2007 | ||
| 300 | _a196 pages : | ||
| 300 | _bill. ; | ||
| 300 | _c23 cm. | ||
| 300 | _eCD-ROM | ||
| 500 | _aIncludes index. | ||
| 650 | _aElectronic data processing -- Backup procesing alternatives. | ||
| 650 | _aMultimedia systems. | ||
| 650 | _xData recovery (Computer science). | ||
| 999 |
_c300946 _d300946 |
||